000
00211 a2200097 4500
020
_a
9780062514301
041
_a
eng
100
_a
Brower, David
245
_a
Let the Mountains Talk, Let the Rivers Run
942
_c
BK
999
_c
4329
_d
4329